| 000 | 00641nam a2200241Ia 4500 | ||
|---|---|---|---|
| 001 | 17954 | ||
| 005 | 20240113235824.0 | ||
| 007 | ta | ||
| 008 | 060107s1984 g b000 u 465 u | ||
| 040 | _aCotton College Assam | ||
| 041 | _a465 | ||
| 082 |
_a320.954 _bNa 164 Di |
||
| 100 | _aNarayan, S.V.. | ||
| 245 | 0 |
_aDistrict Politics in India / _cS.V.Narayana. _hTextual Documents |
|
| 250 | _a1st ed. / | ||
| 260 |
_aNew Delhi : _bAshish Publishing House , _c1984. |
||
| 300 |
_a232p. ; _c22cm. |
||
| 653 | _aPolitics-India | ||
| 653 | _aG-Political Science | ||
| 942 |
_2ddc _cBK |
||
| 999 |
_c17936 _d17936 |
||